All cities in Canada with 500k - Statistics

General Stats
  • This quiz has been taken 22 times
    6 since last reset
  • The average score is 11 of 15
Answer Stats
Province City % Correct
alberta Calgary
100%
Alberta Edmonton
100%
ontario Hamilton
100%
Quebec Montreal
100%
Ontario Ottawa
100%
Quebec Quebec City
100%
ontario Toronto
100%
British colombia Vancouver
100%
Ontario Brampton
67%
quebec laval
67%
Manitoba Winnipeg
67%
Ontario Mississauga
50%
British colombia Surrey
50%
ontario markham
17%
Ontario Vaughan
17%
No matching quizzes found
Score Distribution
Percent of People with Each Score
Percentile by Number Answered
Your Score History
You have not taken this quiz since the last reset